| 000 | 01908cam a22002054a 4500 | ||
|---|---|---|---|
| 005 | 20250605164016.0 | ||
| 008 | 250528s ||||||||||||||||||||||||d | ||
| 035 | _a16152 | ||
| 040 |
_aGR-AtMCL _bgre _dGR-AtMCL _eAACR2 |
||
| 245 | 1 | _aΔομικά Υλικά / 2η Έκδοση 234 Εικόνες και 152 Πίνακες | |
| 250 | _a2η | ||
| 260 |
_bΓκιούρδας, _c2003 |
||
| 300 | _a736 | ||
| 505 | 0 | _aΒασικές Αρχές Χημείας και Φυσικής, Το Ξύλο και Κατασκευές από Ξύλα, Φυσικοί Δομικοί Λίθοι, Τεχνητοί Δομικοί Λίθοι και Πλάκες, Κονιάματα και Επιχρίσματα, Το Σκυρόδεμα, Ηχοπροστασία, Προστασία από τη θερμότητα και το ψύχος, Υλικά Στεγανώσεως και Πληρώσεις Αρμών και Συγκολλήσεως, Δομικά Υλικά από Σίδηρο ή Χάλυβα, Μέταλλα πλην Σιδήρου, Χρώματα και Βερνίκια, Πλαστικά Υλικά, Ύαλος. | |
| 520 | _aΒασικές Αρχές Χημείας και Φυσικής, Το Ξύλο και Κατασκευές από Ξύλα, Φυσικοί Δομικοί Λίθοι, Τεχνητοί Δομικοί Λίθοι και Πλάκες, Κονιάματα και Επιχρίσματα, Το Σκυρόδεμα, Ηχοπροστασία, Προστασία από τη θερμότητα και το ψύχος, Υλικά Στεγανώσεως και Πληρώσεις Αρμών και Συγκολλήσεως, Δομικά Υλικά από Σίδηρο ή Χάλυβα, Μέταλλα πλην Σιδήρου, Χρώματα και Βερνίκια, Πλαστικά Υλικά, Ύαλος. | ||
| 700 | 1 |
_aWenderhorst Reinhard _92197 |
|
| 942 | _cBK | ||
| 999 |
_c1688 _d1688 |
||